000 00816nam a2200277Ia 4500
003 OSt
005 20220928125837.0
006 a|||||r|||| 00| 0
007 ta
008 220927b |||||||| |||| 00| 0 eng d
020 _c525
024 _a113284
037 _b176, 09/11/2011, Pioneer Book Distributors
_cTextual
040 _aSDCL
_cSDCL
_beng
041 _2eng
_aeng
082 _aD651:915, P9
100 _aTheodoridis Sergios
245 0 _aPattern recognition.
250 _a4
260 _aNew Delhi
_bAcademic Press
_c2011
300 _axviii,960p.
_ccm.
650 _aI I C
700 _a Koutroumbas Konstantinos
942 _hD651:915, P9
_cTEXL
_2CC
999 _c784393
_d784393